| 000 | 00657nam a2200205Ia 4500 | ||
|---|---|---|---|
| 001 | 11687 | ||
| 003 | GE_BSU | ||
| 008 | 181216s||||||||xx |||||||||||||| ||und|| | ||
| 040 | _cGE_BSU | ||
| 080 | _a636 | ||
| 100 | _aაგლაძე,დ. | ||
| 245 | _aმეცხოველეობის საფუძვლები. | ||
| 245 | _cრედ:ნ.მელითაური. | ||
| 260 | _aთბილისი. | ||
| 260 | _bსას–სამ. ინ–ტის გამ–ბა. | ||
| 260 | _c1955. | ||
| 300 | _a463გვ;23სმ. | ||
| 653 | _aმეცხოველეობის საფუძვლები. | ||
| 942 | _cBK | ||
| 999 |
_c44872 _d44872 |
||